000 00806cam a2200241 a 4500
001 3074579
005 20250322154521.0
008 980729s1998 caua 001 0 eng
020 _a012449966X
050 0 0 _aHD69.P75
_bL54 1998
082 0 0 _a658.4/04
_221
100 1 _aLientz, Bennet P.
245 1 0 _aProject management for the 21st century /
_cBennet P. Lientz, Kathryn P. Rea.
250 _a2nd ed.
260 _aSan Diego :
_bAcademic Press,
_cc1998.
300 _axv, 339 p. :
_bill. ;
_c23 cm.
500 _aIncludes index.
650 0 0 _aProject management.
700 1 _aRea, Kathryn P.
856 4 2 _3Publisher description
_uhttp://www.loc.gov/catdir/description/els032/97080797.html
856 4 1 _3Table of contents
_uhttp://www.loc.gov/catdir/toc/els032/97080797.html
942 _2lcc
_cBK
_n0
999 _c5101
_d5101